Super Smash Bros. Fighters #01 - The Mario Quiz - Statistics

General Stats
  • This quiz has been taken 965 times
    389 since last reset
  • The average score is 12 of 15
Answer Stats
Question Answer % Correct
Who is Mario’s brother? Luigi
100%
Luigi’s rival is Waluigi. Who is Mario’s rival? Wario
92%
In the real world, Mario was often pitted against this blue hedgehog: Sonic
91%
What is Mario’s current job? Plumber
90%
What game did Mario first appear in? Donkey Kong
87%
What year did that game release? 1981
85%
Mario's most famous appearance is in which classic NES game? Super Mario Bros.
85%
What was his name in that game? Jumpman
82%
How old is Mario (in universe)? 24
73%
Name one of Mario’s highest rated games (according to Metacritic) Super Mario Galaxy, Galaxy 2, Odyssey
73%
Who created Mario? Shigeru Miyamoto
71%
What is Mario’s bestselling game on the Switch? Mario Kart 8 Deluxe
70%
What day is Mario Day? March 10 (Mar10)
67%
Mario is known for his iconic voice; who was his voice actor from 1994 to 2023? Charles Martinet
66%
To do the Mario, you have to swing which body part from side to side? Arms
64%
No matching quizzes found
Score Distribution
Percent of People with Each Score
Percentile by Number Answered
Your Score History
You have not taken this quiz since the last reset